Statistiken für Größte drei Städte jedes Landkreises in Sachsen

Klicken Sie hier um das Quiz zu spielen!

Allgemein

  • Dieses Quiz wurde 158 mal gespielt
  • Das Durchschnittsergebnis liegt bei 18 aus 30

Antwortstatistiken

Landkreis#EinwohnerStadt% Korrekt
Bautzen137.838Bautzen
97%
Görlitz155.519Görlitz
97%
Zwickau186.592Zwickau
93%
Meißen327.936Meißen
91%
Erzgebirgskreis119.834Aue-Bad Schlema
82%
Vogtlandkreis163.372Plauen
79%
Sächsische Schweiz-Osterzgebirge238.361Pirna
77%
Mittelsachsen139.721Freiberg
70%
Bautzen231.326Hoyerswerda
68%
Görlitz224.517Zittau
67%
Erzgebirgskreis219.118Annaberg-Buchholz
65%
Sächsische Schweiz-Osterzgebirge139.316Freital
64%
Meißen134.055Radebeul
63%
Nordsachsen219.625Torgau
63%
Meißen230.885Riesa
62%
Nordsachsen124.862Delitzsch
58%
Leipzig128.054Grimma
57%
Leipzig224.643Markkleeberg
54%
Leipzig319.031Borna
49%
Vogtlandkreis219.992Reichenbach im Vogtland
47%
Mittelsachsen223.232Döbeln
46%
Vogtlandkreis317.804Auerbach/Vogtl.
41%
Zwickau321.914Glauchau
41%
Bautzen318.675Radeberg
41%
Görlitz315.255Weißwasser/Oberlausitz
41%
Erzgebirgskreis316.524Marienberg
37%
Sächsische Schweiz-Osterzgebirge316.540Heidenau
36%
Mittelsachsen314.209Mittweida
34%
Nordsachsen318.574Schkeuditz
34%
Zwickau223.688Limbach-Oberfrohna
32%

Verteilung der Resultate

Perzentil nach korrekt beantworteten Fragen

Anzahl Personen mit jedem Resultat

Ihre Resultats-Entwicklung

Sie haben dieses Quiz noch nicht gespielt